Datum a čas kvízu
24.5
Celkem bodů
Celkový počet nahraných bodů na tomto kvízu bez doplňovacích otázek.
7.
Pořadí na kvízu
Konečné umístění týmu na tomto kvízu.
Zaznamenané odpovědi
| # | Otázka | Odpověď | Body | Výsledky |
|---|---|---|---|---|
| 1. | Na sedmém kilometru dálnice D1... | tramvaj | 1 | |
| 2. | Senát jednoho státu na jihu US... | Alabama | 1 | |
| 3. | Jak se nazývá kapela, která re... | Lake Malawi, Albert Černý | 1 | |
| 4. | Čínská společnost Xiaomi přišl... | v automatu | 1 | |
| 5. | Kolik gólů padlo celkem v pond... | 11 gólů | 0 | |
| 6. | Kolik mandátů připadá v Evrops... | 21 mandátů (Uznáváme tedy 20 až 22.) | 0 | |
| 7. | Jak se jmenuje německý politik... | Martin Schulz | 0 | |
| 8. | Přiřaďte lídry kandidátek k je... | 1A 2C 3D 4B | 0 | |
| 9. | Ve francouzském Štrasburku síd... | Rada Evropy | 1 | |
| 10. | Jedenatřicetiletý kandidát nov... | Tinder | 1 |